Statistics for Famous Authors by Book

Click here to take the quiz!

General Stats

  • This quiz has been taken 42 times
  • The average score is 10 of 20

Answer Stats

BookAnswer% Correct
Pride and PrejudiceJane Austen
89%
Great ExpectationsCharles Dickens
89%
To Kill a MockingbirdHarper Lee
84%
The Adventures of Huckleberry FinnMark Twain
76%
FrankensteinMary Shelley
70%
Mein KampfAdolf Hitler
68%
Da Vinci CodeDan Brown
62%
Of Mice of MenJohn Steinbeck
62%
CarrieStephen King
62%
UlyssesJames Joyce
59%
Lord of the FliesWilliam Golding
54%
The Hitchhiker's Guide to the GalaxyDouglas Adams / Eoin Colfer
51%
Fahrenheit 451Ray Bradbury
46%
The Pit and the PendulumEdgar Allan Poe
32%
War and PeaceLeo Tolstoy
27%
The Hunger GamesSuzanne Collins
24%
The RoadCormac McCarthy
19%
The Fault In Our StarsJohn Green
16%
War HorseMichael Morpurgo
5%
Native SonRichard Wright
5%

Score Distribution

Percentile by Number Answered

Percent of People with Each Score

Your Score History

You have not taken this quiz